000 00687nam a2200205 4500
003 OSt
005 20221117163925.0
008 221117b |||||||| |||| 00| 0 eng d
040 _cBiblioteca Lado V
082 _a779
_bM772e
100 _9468
_aMonteagudo, Encarna
_eautora
245 _aEncarna Monteagudo | Cristina Ghetti/
260 _bRegidoria de Cultura I Joventut
_aBrasil
_c2000
300 _a12p.
_c21x21cm
650 _2Tesauro de Arte & Arquitectura
_aARTE
650 _2Tesauro de Arte & Arquitectura
_aEXHIBICION
650 _2Tesauro de Arte & Arquitectura
_aARTE BRASILEÑO
700 _aGhetti, Cristina
_eautora
942 _2ddc
_c1
_h779
_iM772e
999 _c2689
_d2689